[Event "Druga liga CS - zapad 2014"]
[Site "Sabac"]
[Date "2014.09.26"]
[Round "2.4"]
[White "Ivanovic, Lazar*"]
[Black "Djukic, Sasa"]
[Result "1-0"]
[WhiteElo "1976"]
[BlackElo "1966"]
[PlyCount "95"]
[EventDate "2014.09.25"]

1. d4 d5 2. c4 Nc6 3. e3 e5 4. cxd5 Qxd5 5. Nc3 Bb4 6. Bd2 Bxc3 7. bxc3 Nf6 8.
c4 Qd6 9. d5 Ne7 10. Qc2 Bf5 11. Qb2 Ne4 12. Bb4 Nc5 13. Nf3 f6 14. Be2 b6 15.
O-O O-O 16. a4 a5 17. Ba3 Rfd8 18. Nd2 Rab8 19. Rfd1 Bg6 20. Nb3 Be8 21. Bxc5
bxc5 22. Qc3 Rb4 23. Nxa5 Bxa4 24. Rxa4 Rxa4 25. Nb7 Qd7 26. Nxd8 Qxd8 27. Qb3
Rb4 28. Qa3 Qb8 29. Qa5 Qb6 30. Qa8+ Kf7 31. Qh8 Rb1 32. Qxh7 Rxd1+ 33. Bxd1
Qb4 34. Qd3 Nf5 35. h3 Nd6 36. Bh5+ Ke7 37. Qg6 Qe1+ 38. Kh2 Qxf2 39. Qxg7+ Kd8
40. Qg8+ Kd7 41. Qe6+ Kd8 42. Qg8+ Kd7 43. Qh7+ Kc8 44. Qd3 Kd8 45. Qa3 Ne4 46.
Qa8+ Ke7 47. Qe8+ Kd6 48. Qe6# 1-0

[Event "Druga liga CS - zapad 2014"]
[Site "Sabac"]
[Date "2014.09.26"]
[Round "2.4"]
[White "Radenkovic, Aleksa**"]
[Black "Zdravkovic, Dragan N"]
[Result "0-1"]
[WhiteElo "1960"]
[BlackElo "2200"]
[PlyCount "116"]
[EventDate "2014.09.25"]

1. Nc3 d5 2. e4 d4 3. Nce2 e5 4. Ng3 Be6 5. Nf3 Bd6 6. Bb5+ Nd7 7. Ba4 c5 8.
Bxd7+ Qxd7 9. Ng5 Ne7 10. Nxe6 Qxe6 11. d3 h6 12. c4 O-O-O 13. Qa4 Kb8 14. a3
g6 15. b4 f5 16. f3 f4 17. Ne2 g5 18. h3 Ng6 19. Qb5 Qe7 20. Bd2 h5 21. bxc5
Bxc5 22. Bb4 Rc8 23. Nc1 a6 24. Qa5 Nh4 25. Rg1 g4 26. Ke2 Rhg8 27. Nb3 Bxb4
28. axb4 Rg6 29. b5 Qg7 30. hxg4 hxg4 31. Kf2 gxf3 32. gxf3 Rg2+ 33. Rxg2 Qxg2+
34. Ke1 Nxf3+ 35. Kd1 Qf1+ 36. Kc2 Qe2+ 37. Nd2 Nxd2 38. Qxd2 Qxd2+ 39. Kxd2
axb5 40. cxb5 Rh8 41. Ke2 Kc7 42. Rg1 Rh2+ 43. Ke1 Rb2 44. Rg7+ Kb6 45. Rg6+
Ka5 46. Rg8 Rxb5 47. Rc8 b6 48. Ke2 Rc5 49. Ra8+ Kb4 50. Ra1 b5 51. Rb1+ Ka3
52. Kd2 b4 53. Ra1+ Kb2 54. Ra4 b3 55. Rb4 Rc2+ 56. Kd1 Kc3 57. Rb5 b2 58. Rc5+
Kxd3 0-1

[Event "Druga liga CS - zapad 2014"]
[Site "Sabac"]
[Date "2014.09.26"]
[Round "2.5"]
[White "Vujic, Mihailo"]
[Black "Radibratovic, Predrag"]
[Result "1/2-1/2"]
[WhiteElo "2337"]
[BlackElo "2325"]
[PlyCount "20"]
[EventDate "2014.09.25"]

1. e4 c6 2. d4 d5 3. Nc3 dxe4 4. Nxe4 Bf5 5. Ng3 Bg6 6. h3 h6 7. h4 Bh7 8. Nf3
Nd7 9. Bd3 Bxd3 10. Qxd3 Ngf6 1/2-1/2

[Event "Druga liga CS - zapad 2014"]
[Site "Sabac"]
[Date "2014.09.26"]
[Round "2.5"]
[White "Markovic, Dragan P"]
[Black "Mrsevic, Miroslav"]
[Result "0-1"]
[WhiteElo "2215"]
[BlackElo "2275"]
[PlyCount "95"]
[EventDate "2014.09.25"]

1. e4 d6 2. d4 Nf6 3. Nc3 e5 4. Nf3 Nbd7 5. Be2 Be7 6. O-O O-O 7. h3 exd4 8.
Nxd4 Nc5 9. Bf3 a5 10. Re1 a4 11. a3 c6 12. Bf4 Qb6 13. Rb1 h6 14. Qd2 Nh7 15.
Nf5 Bxf5 16. exf5 Qd8 17. Rxe7 Qxe7 18. Qxd6 Qxd6 19. Bxd6 Ra5 20. Bxf8 Kxf8
21. g4 Nd7 22. Rd1 Ke7 23. Rd4 Nc5 24. Bg2 Nf6 25. f4 h5 26. Bf3 hxg4 27. hxg4
Ne8 28. Kf2 Nd6 29. Ke3 f6 30. Ne4 Ncxe4 31. Bxe4 c5 32. Rd5 b6 33. Bd3 Ra8 34.
Be2 Rh8 35. Rd1 Rh3+ 36. Kf2 Ne4+ 37. Kg2 Rg3+ 38. Kh2 Re3 39. Bb5 Nd6 40. Bf1
Rf3 41. Re1+ Kd7 42. Kg2 Rxf4 43. Be2 Rd4 44. b3 Rd2 45. bxa4 Rxc2 46. Kf3 Rc3+
47. Kg2 Rxa3 48. Bb5+ 0-1

[Event "Druga liga CS - zapad 2014"]
[Site "Sabac"]
[Date "2014.09.26"]
[Round "2.5"]
[White "Dumic, Marko"]
[Black "Milovanovic, Nenad"]
[Result "1-0"]
[WhiteElo "2262"]
[BlackElo "2160"]
[PlyCount "45"]
[EventDate "2014.09.25"]

1. d4 Nf6 2. c4 d6 3. Nc3 Nbd7 4. f4 e5 5. e3 exf4 6. exf4 d5 7. Nf3 c6 8. cxd5
Nxd5 9. Nxd5 cxd5 10. Bd3 Bd6 11. O-O O-O 12. f5 Qb6 13. b3 Ne5 14. Bc2 Bd7 15.
Kh1 Ng4 16. Qe1 Rac8 17. Bd3 Bb5 18. Bxb5 Qxb5 19. Bg5 Rfe8 20. Qh4 Ne3 21.
Bxe3 Rxe3 22. f6 g6 23. Qh6 1-0

[Event "Druga liga CS - zapad 2014"]
[Site "Sabac"]
[Date "2014.09.26"]
[Round "2.5"]
[White "Simic, Goran S"]
[Black "Brajovic, Miroljub"]
[Result "1/2-1/2"]
[WhiteElo "2099"]
[BlackElo "2130"]
[PlyCount "31"]
[EventDate "2014.09.25"]

1. d4 Nf6 2. Nf3 d6 3. g3 Nbd7 4. Bg2 c6 5. O-O Qc7 6. c4 g6 7. Nc3 Bg7 8. e4
e5 9. Re1 O-O 10. h3 a6 11. a4 Re8 12. d5 c5 13. Be3 h6 14. Rf1 Nf8 15. Qd2 Kh7
16. Ne1 1/2-1/2

[Event "Druga liga CS - zapad 2014"]
[Site "Sabac"]
[Date "2014.09.26"]
[Round "2.5"]
[White "Osatovic, Aleksandar*"]
[Black "Kijanovic, Igor**"]
[Result "1/2-1/2"]
[WhiteElo "2053"]
[BlackElo "2065"]
[PlyCount "91"]
[EventDate "2014.09.25"]

1. d4 Nf6 2. c4 e5 3. dxe5 Ng4 4. Nf3 Bc5 5. e3 Nc6 6. a3 a5 7. b3 Ngxe5 8. Bb2
d6 9. Nxe5 Nxe5 10. Qc2 Qe7 11. Nc3 Be6 12. Na4 Ba7 13. c5 O-O 14. Bxe5 dxe5
15. Bd3 f5 16. b4 Rad8 17. O-O c6 18. bxa5 e4 19. Bc4 Bb8 20. Rab1 Rf6 21. g3
Kh8 22. Bxe6 Rxe6 23. Rfd1 Rf8 24. Qb3 f4 25. exf4 e3 26. fxe3 Rxe3 27. Qxb7
Bc7 28. Qxc6 Re2 29. Qf3 Re8 30. a6 Re3 31. Qf2 Re2 32. Qd4 Qe6 33. Rd2 Qc6 34.
Qd5 Qxa4 35. Rxe2 Rxe2 36. Rb4 Qe8 37. Rb3 Re1+ 38. Kg2 Qe2+ 39. Kh3 h5 40. Qf5
Qf1+ 41. Kh4 Bd8+ 42. Kxh5 Re5 43. Qxe5 Qh3+ 44. Kg6 Qh7+ 45. Kf7 Qg8+ 46. Kg6
1/2-1/2

[Event "Druga liga CS - zapad 2014"]
[Site "Sabac"]
[Date "2014.09.26"]
[Round "2.6"]
[White "Irizanin, Radoje"]
[Black "Vuckovic, Lidija*"]
[Result "1-0"]
[WhiteElo "2330"]
[BlackElo "1786"]
[PlyCount "87"]
[EventDate "2014.09.25"]

1. d4 c5 2. dxc5 Qa5+ 3. c3 Qxc5 4. e4 d6 5. Na3 a6 6. Be3 Qc7 7. Nc4 Nd7 8. a4
Ngf6 9. f3 b6 10. Nh3 Rb8 11. Be2 g6 12. Nf4 Bg7 13. g4 b5 14. axb5 axb5 15.
Na3 b4 16. cxb4 Rxb4 17. g5 Nxe4 18. Nd5 Qb7 19. fxe4 Rxb2 20. Nc4 Rb5 21. O-O
Rxd5 22. Qxd5 Bxa1 23. Rxa1 O-O 24. Qxb7 Bxb7 25. Ra7 Bc6 26. Bg4 Rd8 27. Bxd7
Rxd7 28. Rxd7 Bxd7 29. Kf2 Be6 30. Nb6 Bb3 31. Bd4 Kf8 32. Ke3 Ke8 33. h4 Bd1
34. Nd5 Kd7 35. Bg7 Ke8 36. Kd4 Bf3 37. e5 dxe5+ 38. Kxe5 Bd1 39. Nb6 Bf3 40.
Kf4 Bd1 41. Bc3 Bb3 42. Ke5 Ba2 43. Bb4 Bb3 44. Nc8 1-0

[Event "Druga liga CS - zapad 2014"]
[Site "Sabac"]
[Date "2014.09.26"]
[Round "2.6"]
[White "Marceta, Predrag"]
[Black "Smolovic, Mile"]
[Result "1/2-1/2"]
[WhiteElo "2285"]
[BlackElo "2325"]
[PlyCount "150"]
[EventDate "2014.09.25"]

1. e4 c5 2. Nf3 d6 3. c3 Nf6 4. Be2 Bd7 5. d3 Bc6 6. O-O Nbd7 7. Bg5 e6 8. a4
Be7 9. Nbd2 O-O 10. b4 b6 11. b5 Bb7 12. a5 a6 13. bxa6 Rxa6 14. axb6 Rxb6 15.
Qc2 Qc7 16. Bf4 Nh5 17. Be3 d5 18. e5 g6 19. Rfb1 Ra8 20. Rxa8+ Bxa8 21. Rxb6
Nxb6 22. Qa2 Ng7 23. Qa5 Nf5 24. Bf4 h5 25. h3 h4 26. Bg5 Bxg5 27. Nxg5 Kg7 28.
Bg4 Qc6 29. Bxf5 gxf5 30. Ngf3 Bb7 31. Nxh4 Nd7 32. Nhf3 Ba6 33. d4 Bd3 34. Qd8
cxd4 35. cxd4 Be4 36. Qe7 Bxf3 37. Nxf3 Qc1+ 38. Kh2 Qf4+ 39. Kh1 Qc1+ 40. Ng1
Nf8 41. Qh4 Ng6 42. Qg3 Qd1 43. Qe3 f4 44. Qc3 Nh4 45. g3 Ng6 46. Kg2 fxg3 47.
fxg3 Ne7 48. Kf2 Nf5 49. Ne2 Qh1 50. g4 Nh4 51. Qg3 Ng6 52. Qf3 Qd1 53. h4 Qc2
54. h5 Nf8 55. Qf6+ Kg8 56. Qg5+ Kh7 57. Qf4 Kg8 58. Qg5+ Kh7 59. Qf6 Kg8 60.
h6 Qg6 61. Qxg6+ fxg6 62. g5 Nh7 63. Nf4 Nxg5 64. Nxg6 Kh7 65. Nf4 Kxh6 66. Kg3
Ne4+ 67. Kf3 Nd2+ 68. Kf2 Nc4 69. Nxe6 Kg6 70. Nc7 Kf5 71. e6 Nd6 72. Kf3 Kf6
73. Kf4 Nf5 74. Nxd5+ Kxe6 75. Nc7+ Kf6 1/2-1/2

[Event "Druga liga CS - zapad 2014"]
[Site "Sabac"]
[Date "2014.09.26"]
[Round "2.6"]
[White "Mirkovic, Stevan*"]
[Black "Urosevic, Radojko"]
[Result "1-0"]
[WhiteElo "2297"]
[BlackElo "2211"]
[PlyCount "117"]
[EventDate "2014.09.25"]

1. d4 c5 2. d5 e5 3. e4 d6 4. Nc3 a6 5. a4 b6 6. Be2 Be7 7. Nf3 Bg4 8. Nd2 Bc8
9. Nc4 Nf6 10. O-O O-O 11. f4 exf4 12. Bxf4 Ne8 13. e5 dxe5 14. Nxe5 Nd6 15.
Bf3 Bg5 16. Qd2 Bxf4 17. Qxf4 Nd7 18. Ng4 Nb8 19. Rae1 Bxg4 20. Bxg4 Ra7 21.
Ne4 Nxe4 22. Qxe4 b5 23. b3 Qd6 24. c4 Qb6 25. Re3 Nd7 26. Bxd7 Rxd7 27. Rfe1
bxc4 28. bxc4 g6 29. Qf4 Qb2 30. h3 Rc8 31. Re8+ Rxe8 32. Rxe8+ Kg7 33. Kh2 Qa1
34. h4 h5 35. Qf2 Qa3 36. Qf4 Qc3 37. Qe5+ Qxe5+ 38. Rxe5 Rb7 39. Re8 Rb4 40.
d6 Rb7 41. Ra8 Kf6 42. Rxa6 Ke6 43. Rc6 Ra7 44. Rxc5 Kxd6 45. Rd5+ Ke6 46. a5
Rc7 47. a6 Rxc4 48. Ra5 Rc8 49. Kg3 Ra8 50. Kf4 f6 51. a7 Kd6 52. Ra6+ Ke7 53.
Ke4 Kf7 54. Kd5 g5 55. hxg5 fxg5 56. Kc6 Rxa7 57. Rxa7+ Kg6 58. Kd5 Kf5 59.
Rf7+ 1-0

[Event "Druga liga CS - zapad 2014"]
[Site "Sabac"]
[Date "2014.09.26"]
[Round "2.6"]
[White "Kurcubic, Aleksandar"]
[Black "Gavrilovic, Leonardo"]
[Result "1-0"]
[WhiteElo "2251"]
[BlackElo "2225"]
[PlyCount "87"]
[EventDate "2014.09.25"]

1. Nf3 Nf6 2. c4 d6 3. g3 g6 4. Bg2 Bg7 5. O-O O-O 6. d4 Nc6 7. Nc3 Bg4 8. h3
Bd7 9. Bg5 h6 10. Be3 e5 11. Qd2 Kh7 12. g4 Re8 13. dxe5 dxe5 14. g5 hxg5 15.
Nxg5+ Kg8 16. Rad1 Qc8 17. f4 Bf5 18. fxe5 Nxe5 19. b3 c6 20. Bf4 Nh5 21. Nce4
Bxe4 22. Nxe4 Qc7 23. Bg5 f5 24. Nd6 Re6 25. e4 f4 26. c5 Rf8 27. h4 Nf7 28.
Bxf4 Nxf4 29. Rxf4 Be5 30. Rxf7 Rxf7 31. Nxf7 Qxf7 32. Bf1 Qf3 33. Bc4 Qg4+ 34.
Kf2 Qxh4+ 35. Kf3 Qh3+ 36. Ke2 Qg4+ 37. Kd3 Kg7 38. Bxe6 Qxe6 39. Kc2 Kf6 40.
Qd7 Bf4 41. Qd8+ Qe7 42. e5+ Bxe5 43. Rf1+ Ke6 44. Qg8+ 1-0

[Event "Druga liga CS - zapad 2014"]
[Site "Sabac"]
[Date "2014.09.26"]
[Round "2.6"]
[White "Matovic, Petar"]
[Black "Marinkovic, Zoran"]
[Result "1/2-1/2"]
[WhiteElo "2213"]
[BlackElo "2240"]
[PlyCount "89"]
[EventDate "2014.09.25"]

1. d4 c5 2. d5 e5 3. c4 d6 4. e4 Be7 5. Nf3 Nf6 6. Nc3 O-O 7. Be2 Na6 8. O-O
Nc7 9. h3 Rb8 10. Qc2 Bd7 11. Nh2 b5 12. b3 Nfe8 13. Bg4 Bxg4 14. Nxg4 Bg5 15.
f4 exf4 16. Bxf4 bxc4 17. bxc4 Rb4 18. Ne2 g6 19. a3 Rb6 20. Rf3 h5 21. Nf2
Bxf4 22. Rxf4 Nf6 23. Rf1 Nd7 24. Nd3 Qe7 25. Nec1 Ne8 26. Qc3 Ng7 27. Re1 Re8
28. Nb3 Qg5 29. Ref1 Rf8 30. h4 Qe7 31. Na5 Ne5 32. Nxe5 dxe5 33. R4f3 Qxh4 34.
Qxe5 Re8 35. Qc3 Qxe4 36. Rxf7 Qd4+ 37. Qxd4 cxd4 38. Rxa7 Nf5 39. c5 Rb2 40.
Kh2 Ne3 41. Rff7 Rxg2+ 42. Kh3 d3 43. Rg7+ Kh8 44. Rh7+ Kg8 45. Rag7+ 1/2-1/2

[Event "Druga liga CS - zapad 2014"]
[Site "Sabac"]
[Date "2014.09.26"]
[Round "2.6"]
[White "Roljevic, Djordje"]
[Black "Dimitrijevic, Milorad"]
[Result "1-0"]
[WhiteElo "2102"]
[BlackElo "2101"]
[PlyCount "55"]
[EventDate "2014.09.25"]

1. d4 d5 2. Nf3 Nf6 3. c4 e6 4. Bg5 Be7 5. e3 O-O 6. Nc3 c6 7. Qc2 h6 8. Bxf6
Bxf6 9. O-O-O Nd7 10. h4 dxc4 11. Bxc4 b5 12. Bd3 Bb7 13. g4 Re8 14. g5 hxg5
15. hxg5 Bxg5 16. Nxg5 Qxg5 17. f4 Qd8 18. Ne4 c5 19. Qh2 Kf8 20. dxc5 Qc7 21.
Kb1 Nf6 22. Nxf6 gxf6 23. Bxb5 Red8 24. c6 Bxc6 25. Qc2 Rxd1+ 26. Rxd1 Rc8 27.
Bxc6 Qxc6 28. Rd8+ 1-0